000 00723nam a2200241 a 4500
001 32980
003 BD-RjUL
005 20211209051927.0
008 140429s1950 nyu b 001 0 eng
035 _a(BD-RjUL)33070
035 _a(OCoLC)4459755
040 _aDLC
_cNAlU
_dOCoLC
_dTxU-Da
_dDLC
_dBD-RjUL
_beng
041 _aeng
082 0 0 _a302
_bSAS 1950
100 1 _aSargent, S. Stansfeld
_q(Stephen Stansfeld),
_d1906-
_9100227
245 0 0 _aSocial psychology, an integrative interpretation /
_cS Stansfeld Sargent.
260 _aNew York :
_bRonald Press Co.
_c1950.
300 _ax, 519 p. ;
_c22 cm.
650 0 _aSocial psychology.
_9100228
942 _2ddc
_cBK
999 _c32980
_d32980